000
00220nam a22000857a 4500
008
170616b xxu||||| |||| 00| 0 eng d
100
_9
3428
_a
Sally. V. K
245
_a
Science lab manual - X
260
_a
New Delhi
_b
G. B. P
_c
2009
999
_c
6796
_d
6796